[Event "Kranj op U18"]
[Site "Kranj"]
[Date "1995.??.??"]
[Round "3"]
[White "Kavcic, Uros"]
[Black "Marjanac, D."]
[Result "1-0"]
[WhiteElo "1995"]
[BlackElo "1785"]
[PlyCount "70"]
[EventDate "1995.??.??"]
[EventType "swiss (rapid)"]
[EventRounds "9"]
[EventCountry "SLO"]
[SourceTitle "EXT 1998"]
[Source "ChessBase"]
[SourceDate "1997.11.17"]
[SourceVersion "1"]
[SourceVersionDate "1997.11.17"]
[SourceQuality "1"]

1. e4 e5 2. f4 d6 3. Nf3 Nc6 4. Bc4 Be7 5. d3 Nf6 6. Nc3 Bd7 7. Bd2 Be6 8. Bxe6 fxe6 9. fxe5 dxe5 10. 0-0 0-0 11. Kh1 Bd6 12. Ne2 Ne7 13. c4 c6 14. Bc3 Ng6 15. b4 b6 16. Qb3 Qe7 17. c5 bxc5 18. bxc5 Bxc5 19. Bxe5 Bd6 20. Bxd6 Qxd6 21. Ned4 Rfe8 22. Rac1 c5 23. Nb5 Qe7 24. Qc4 Rac8 25. Rfe1 a6 26. Nc3 Qa7 27. e5 Nd7 28. h4 Qb8 29. Rb1 Qa8 30. h5 Ngf8 31. Ne4 Rc6 32. Nd6 Re7 33. Qh4 Qd8 34. Nb7 Qe8 35. Qe4 Rb6 1-0